| 000 | nam a22 7a 4500 | ||
|---|---|---|---|
| 999 |
_c15488 _d15488 |
||
| 008 | 161101b xxu||||| |||| 00| 0 eng d | ||
| 020 | _a97800713166262 | ||
| 050 | _aQP 301 .P69 2012 | ||
| 100 | _aPowers, Scott K. | ||
| 245 |
_aExercise Physiology/ _bTheory and Applicatication Fitness and Perfomance: _cEdward T. Howley |
||
| 250 | _a8th ed. | ||
| 260 |
_aBoston: _bMcGraw Hill, _c2007. |
||
| 300 |
_aiv, 122 p . : _bill . ; |
||
| 500 | _aIncludes index. | ||
| 650 | _aPhysiological aspects. | ||
| 650 | _aphysiology. | ||
| 650 | _aPhysical Fitness. | ||
| 700 | _aHowley, Edward T. | ||
| 942 |
_2lcc _cBOOKS _hQP 301 .P69 2012 |
||